Atlas de estructura de invertebrados / (Registro nro. 65275)

Detalles MARC
000 -LEADER
campo de control de longitud fija 00728nam a2200205 i 4500
001 - NÚMERO DE CONTROL
campo de control 65275
003 - IDENTIFICADOR DE NÚMERO DE CONTROL
campo de control ES-MaACL
005 - FECHA Y HORA DE LA ÚLTIMA TRANSACCIÓN
campo de control 20230906165334.0
007 - CAMPO FIJO DE DESCRIPCIÓN FÍSICA--INFORMACIÓN GENERAL
campo de control de longitud fija t|
008 - DATOS DE LONGITUD FIJA--INFORMACIÓN GENERAL
campo de control de longitud fija 040112s1982 sp af |||| | spa d
100 1# - ENTRADA PRINCIPAL--NOMBRE DE PERSONA
Nombre de persona Freeman, W. H.
9 (RLIN) 52436
245 10 - MENCIÓN DEL TÍTULO
Título Atlas de estructura de invertebrados /
Mención de responsabilidad, etc. W.H. Freeman, Brian Bracegirdle ; [traducido por Benjamín Fernández Ruiz, José M. Viéitez Martín].
260 ## - PUBLICACIÓN, DISTRIBUCIÓN, ETC.
Lugar de publicación, distribución, etc. Madrid :
Nombre del editor, distribuidor, etc. Paraninfo,
Fecha de publicación, distribución, etc. 1982.
300 ## - DESCRIPCIÓN FÍSICA
Extensión XII, 129 p., 1 h. de lám. :
Otras características físicas il. ;
Dimensiones 25 cm.
650 #4 - PUNTO DE ACCESO ADICIONAL DE MATERIA--TÉRMINO DE MATERIA
Término de materia o nombre geográfico como elemento de entrada Invertebrados-
Subdivisión de forma Atlas.
9 (RLIN) 168006
700 1# - ENTRADA AGREGADA--NOMBRE PERSONAL
Nombre de persona Bracegirdle, Brian.
9 (RLIN) 31232
700 1# - ENTRADA AGREGADA--NOMBRE PERSONAL
Nombre de persona Fernández Ruiz, Benjamín.
9 (RLIN) 50053
700 1# - ENTRADA AGREGADA--NOMBRE PERSONAL
Nombre de persona Viéitez Martín, José Manuel.
9 (RLIN) 114573
852 ## - LOCALIZACIÓN
Ubicación ES-MaACL
Número de control de estantería L-3794
Existencias
Estatus retirado Estado de pérdida Estado de daño No para préstamo Biblioteca de origen Biblioteca actual Ubicación en estantería Fecha de adquisición Fuente de adquisición Total de préstamos Signatura topográfica completa Código de barras Visto por última vez Precio de reemplazo Tipo de ítem Koha
        Biblioteca del Ateneo de Madrid Biblioteca del Ateneo de Madrid Depósito 2 17/01/2008     L-3794 1068387 23/02/2023 23/02/2023 Libro impreso